| 000 | 00580pab a2200169 454500 | ||
|---|---|---|---|
| 008 | 180718b2002 xxu||||| |||| 00| 0 eng d | ||
| 100 | _aBaruah, Sriparna B. | ||
| 245 | _aIndigenous entrepreneurs of North East: factors affecting the survival and sustainability of small scale entrepreneurs - with special focus on Assam and Manipur | ||
| 260 | _c2002 | ||
| 300 | _ap.101-10. | ||
| 362 | _aSep | ||
| 650 | _aManipur - Industries, Small scale | ||
| 650 | _aAssam - Industries, Small scale | ||
| 650 | _aSmall scale industry | ||
| 773 | _aMan and Development | ||
| 909 | _a54584 | ||
| 999 |
_c54584 _d54584 |
||